000 00290nam a2200109Ia 4500
008 230312s9999||||xx |||||||||||||| ||und||
082 _a621.3916
_bSIN-O
100 _aSingh;Sumit.Kumar
245 0 _aFundamentals of Digital Elctronics and Microprocessors
650 _aEngineering
942 _cBK
999 _c4190
_d4190